000
00319nam a22001337a 4500
008
180213b xxu||||| |||| 00| 0 eng d
020
_a
9780787242466
041
_a
eng
080
_2
2nd
_a
82
100
_a
21
101
_a
GJL
245
_a
A humanities approach to ancient ways of thinking
_c
Shin,U
942
_2
udc
_c
BK
999
_c
42424
_d
42424